00467pab a2200169 454500008004000000100001600040245008700056260000900143300001500152362000900167650002800176650001900204650001000223700001900233700002000252773002500272180718b2005 xxu||||| |||| 00| 0 eng d aDmir, Nazmi aThe technical inefficiency effects of Turkish banks after financial liberalization c2005 ap.396-411. aSep. aLiberalization - Turkey aBanks - Turkey aBanks aBabuscu, Senol aMohmud, Syed F. aDeveloping Economies